[Event "BI-2013-P-00004"]
[Site "LSS email"]
[Date "2013.04.22"]
[Round "?"]
[White "Brizzi, Eduardo"]
[Black "Digiglio, Rafael"]
[Result "1-0"]
[WhiteElo "1531"]
[BlackElo "791"]
[PlyCount "35"]
[EventDate "2013.04.25"]
[EventType "tourn (corr)"]
[EventRounds "10"]
[EventCountry "GER"]
[SourceTitle "Telechess CBM 167"]
[Source "ChessBase"]
[SourceDate "2015.07.13"]
[SourceVersion "1"]
[SourceVersionDate "2015.07.13"]
[SourceQuality "1"]

1. e4 e5 2. Nf3 d6 3. d4 exd4 4. Nxd4 c5 5. Bb5+ Bd7 6. Bxd7+ Nxd7 7. Nf5 g6 8. Nxd6+ Bxd6 9. Qxd6 Rc8 10. Nc3 Rc6 11. Qg3 Ngf6 12. Bh6 Qc7 13. Qh4 Nh5 14. 0-0-0 Ndf6 15. e5 Ng8 16. Nb5 Qe7 17. Bg5 Qe6 18. Rd8# 1-0

[Event "BI-2013-P-00004"]
[Site "LSS email"]
[Date "2013.04.22"]
[Round "?"]
[White "Brizzi, Eduardo"]
[Black "Krabbenbos, Jan"]
[Result "1-0"]
[WhiteElo "1531"]
[BlackElo "1753"]
[PlyCount "99"]
[EventDate "2013.04.25"]
[EventType "tourn (corr)"]
[EventRounds "10"]
[EventCountry "GER"]
[SourceTitle "Telechess CBM 167"]
[Source "ChessBase"]
[SourceDate "2015.07.13"]
[SourceVersion "1"]
[SourceVersionDate "2015.07.13"]
[SourceQuality "1"]

1. d4 Nf6 2. c4 d5 3. cxd5 Nxd5 4. e4 Nf6 5. Nc3 e5 6. Nf3 exd4 7. Qxd4 Qxd4 8. Nxd4 Bb4 9. f3 a6 10. Bg5 h6 11. Bf4 c6 12. Be2 0-0 13. 0-0 Nbd7 14. Be3 Ne5 15. Na4 Ba5 16. Nb3 Bc7 17. Bb6 Bxb6+ 18. Nxb6 Rb8 19. Rfd1 Be6 20. Nc5 g5 21. b3 Kg7 22. Rd6 Rfe8 23. Rad1 h5 24. Kf2 h4 25. g3 hxg3+ 26. hxg3 Ng6 27. Bc4 Bxc4 28. Nxc4 Nf8 29. Ne3 Ne6 30. Nf5+ Kg8 31. Nd7 Nxd7 32. Rxd7 Nf8 33. R7d6 Re5 34. Rh6 Re6 35. Rh5 f6 36. Rdh1 Kf7 37. Rh8 Rbe8 38. b4 a5 39. bxa5 c5 40. Rb1 Rb8 41. Rb5 c4 42. Ke3 Ra6 43. Rh1 c3 44. Kd3 b6 45. axb6 Rbxb6 46. a4 c2 47. Kxc2 Rc6+ 48. Kb3 Ra7 49. a5 Kg8 50. Rd1 1-0

[Event "BI-2013-P-00004"]
[Site "LSS email"]
[Date "2013.04.22"]
[Round "?"]
[White "Brizzi, Eduardo"]
[Black "Muhl, Patrick"]
[Result "1/2-1/2"]
[WhiteElo "1531"]
[BlackElo "2355"]
[PlyCount "108"]
[EventDate "2013.04.25"]
[EventType "tourn (corr)"]
[EventRounds "10"]
[EventCountry "GER"]
[SourceTitle "Telechess CBM 167"]
[Source "ChessBase"]
[SourceDate "2015.07.13"]
[SourceVersion "1"]
[SourceVersionDate "2015.07.13"]
[SourceQuality "1"]

1. e4 c5 2. Nf3 d6 3. d4 cxd4 4. Nxd4 Nf6 5. Nc3 a6 6. Be3 e5 7. Nb3 Be6 8. Be2 Be7 9. 0-0 0-0 10. Qd3 Nbd7 11. Nd5 Bxd5 12. exd5 b5 13. a4 b4 14. Bd2 a5 15. c4 Qc7 16. Be3 e4 17. Qd2 Nc5 18. Nd4 Nfd7 19. Nb5 Qb8 20. Qc2 f5 21. f4 exf3 22. Bxf3 b3 23. Qe2 Bf6 24. Nd4 f4 25. Bf2 Ne5 26. Ne6 Nxe6 27. dxe6 Nxf3+ 28. Qxf3 Re8 29. Qd5 Bxb2 30. Rab1 Bf6 31. Rfe1 b2 32. e7+ Kh8 33. Bd4 Bxd4+ 34. Qxd4 Qc7 35. Qxb2 Rxe7 36. Rxe7 Qxe7 37. Qb8+ Qd8 38. Qxd8+ Rxd8 39. Rb5 Rc8 40. Rxa5 Kg8 41. Kf2 Rxc4 42. Kf3 h6 43. Ra7 g5 44. a5 h5 45. Rb7 g4+ 46. Kf2 Rc2+ 47. Kf1 Rc6 48. Kf2 Rc2+ 49. Kf1 Ra2 50. Rb5 f3 51. gxf3 Rxh2 52. fxg4 hxg4 53. Rb6 d5 54. Rd6 Ra2 1/2-1/2

[Event "BI-2013-P-00004"]
[Site "LSS email"]
[Date "2013.04.22"]
[Round "?"]
[White "Brizzi, Eduardo"]
[Black "Willmann, Bernd"]
[Result "1-0"]
[WhiteElo "1531"]
[BlackElo "2053"]
[PlyCount "191"]
[EventDate "2013.04.25"]
[EventType "tourn (corr)"]
[EventRounds "10"]
[EventCountry "GER"]
[SourceTitle "Telechess CBM 167"]
[Source "ChessBase"]
[SourceDate "2015.07.13"]
[SourceVersion "1"]
[SourceVersionDate "2015.07.13"]
[SourceQuality "1"]

1. e4 c5 2. Nc3 Nc6 3. Nf3 g6 4. d4 cxd4 5. Nxd4 Bg7 6. Be3 Nf6 7. Nxc6 bxc6 8. e5 Ng8 9. Bd4 f6 10. Qe2 Qc7 11. f4 Rb8 12. 0-0-0 Nh6 13. h3 0-0 14. Qd2 Nf5 15. Bc4+ e6 16. Bc5 fxe5 17. g4 Ng3 18. Rhe1 d5 19. Bxf8 Kxf8 20. fxe5 Bxe5 21. Rxe5 Qxe5 22. Qf2+ Kg8 23. Bd3 d4 24. Nb1 c5 25. Re1 Qc7 26. Nd2 Bb7 27. Rg1 Nh1 28. Qe1 Rf8 29. Qxe6+ Kg7 30. Re1 Nf2 31. Bc4 Kh6 32. h4 Bc8 33. Qd5 Nh3 34. g5+ Kh5 35. Qg2 Rf2 36. Be2+ Kxh4 37. Nf3+ Rxf3 38. Bxf3 Qf4+ 39. Kb1 Bf5 40. Be4 Qxg5 41. Qh1 Qf4 42. Bxf5 Qxf5 43. Rf1 Qe5 44. Rf3 Qe6 45. Rf4+ Kg5 46. Re4 Qf5 47. Qe1 Qf2 48. Qa5 d3 49. cxd3 Nf4 50. a3 h5 51. Ka2 Kg4 52. Qxa7 h4 53. Qd7+ Kf3 54. a4 Qd2 55. Rc4 h3 56. Qc6+ Kg3 57. Qxc5 h2 58. Qg5+ Kf3 59. a5 h1Q 60. Rxf4+ Qxf4 61. Qd5+ Kg4 62. Qxh1 Qa4+ 63. Kb1 Qxa5 64. Qe4+ Kh5 65. b4 Qa4 66. Qd5+ g5 67. b5 Kh4 68. Qc4+ Qxc4 69. dxc4 g4 70. Kc2 g3 71. b6 g2 72. b7 g1Q 73. b8Q Qf2+ 74. Kb3 Qe3+ 75. Ka4 Qc5 76. Qd8+ Kg3 77. Qd5 Qa7+ 78. Kb4 Qb6+ 79. Kc3 Qf6+ 80. Qd4 Qa6 81. c5 Qa1+ 82. Kd3 Qd1+ 83. Ke4 Qg4+ 84. Ke3 Qf3+ 85. Kd2 Kg2 86. Qb2 Qe4 87. Qc2 Qd4+ 88. Kc1+ Kg3 89. c6 Kh4 90. Qh7+ Kg5 91. Qe7+ Kh6 92. Qe6+ Kh5 93. Kb1 Qd1+ 94. Kb2 Qd4+ 95. Kb3 Qb6+ 96. Kc4 1-0

[Event "BI-2013-P-00004"]
[Site "LSS email"]
[Date "2013.04.22"]
[Round "?"]
[White "Cardoso do Espirito Santo, Rubens"]
[Black "Brizzi, Eduardo"]
[Result "0-1"]
[WhiteElo "1800"]
[BlackElo "1531"]
[PlyCount "104"]
[EventDate "2013.04.25"]
[EventType "tourn (corr)"]
[EventRounds "10"]
[EventCountry "GER"]
[SourceTitle "Telechess CBM 167"]
[Source "ChessBase"]
[SourceDate "2015.07.13"]
[SourceVersion "1"]
[SourceVersionDate "2015.07.13"]
[SourceQuality "1"]

1. e4 c5 2. Nf3 d6 3. d4 cxd4 4. Nxd4 Nf6 5. Nc3 a6 6. Bc4 e6 7. Bb3 b5 8. 0-0 Be7 9. Qf3 Qb6 10. Be3 Qb7 11. Qg3 0-0 12. Bh6 Ne8 13. Rad1 Nc6 14. Nd5 Bd8 15. Nxc6 Qxc6 16. Rfe1 Bb7 17. c3 Kh8 18. Nb4 Qc7 19. Bf4 a5 20. Nd3 e5 21. Bd2 Nf6 22. f3 Nd7 23. a4 bxa4 24. Bxa4 Nb6 25. Bb5 Bc6 26. Bxc6 Qxc6 27. Bc1 Nc4 28. f4 f6 29. f5 Bb6+ 30. Kh1 Qa4 31. h4 Rab8 32. h5 h6 33. Kh2 Rb7 34. Qf3 Qb3 35. Qg4 Ba7 36. Rf1 Qc2 37. Qf3 Rd8 38. Rde1 Qb3 39. Qg4 Qb5 40. Rf3 d5 41. exd5 Qxd5 42. Rg3 Qf7 43. Rh3 Rbd7 44. Re4 Nd6 45. Re2 Qd5 46. Nf2 Qb5 47. Rc2 e4 48. Be3 Bb8 49. Bf4 Re7 50. Re2 a4 51. Rhe3 Qxf5 52. Qxf5 Nxf5 0-1

[Event "OP-2012-0-02573"]
[Site "LSS email"]
[Date "2013.01.13"]
[Round "?"]
[White "Brizzi, Eduardo"]
[Black "Bukarin, Mikhail Yurievich"]
[Result "0-1"]
[WhiteElo "1403"]
[BlackElo "2115"]
[PlyCount "104"]
[EventDate "2012.12.30"]
[EventType "tourn (corr)"]
[EventRounds "4"]
[EventCountry "GER"]
[SourceTitle "Telechess CBM 161"]
[Source "ChessBase"]
[SourceDate "2014.07.16"]
[SourceVersion "1"]
[SourceVersionDate "2014.07.16"]
[SourceQuality "1"]

1. d4 Nf6 2. c4 g6 3. Nc3 Bg7 4. e4 d6 5. Nf3 0-0 6. Be2 e5 7. 0-0 Nc6 8. d5 Ne7 9. Bg5 Nh5 10. h3 h6 11. Be3 Nf4 12. Bxf4 exf4 13. Bd3 g5 14. Re1 Ng6 15. Be2 Re8 16. Qd3 g4 17. hxg4 Bxg4 18. Rac1 Bxf3 19. Bxf3 Ne5 20. Qd1 a6 21. b4 Kh7 22. c5 Rg8 23. Na4 b5 24. cxb6 cxb6 25. Bg4 b5 26. Bf5+ Kh8 27. Nb2 Qg5 28. Nd3 a5 29. bxa5 Rxa5 30. Rc2 Ra3 31. Nxe5 Bxe5 32. f3 Qh4 33. Rf1 Ra4 34. Rd2 Bc3 35. Rff2 Rga8 36. Qb1 Bxd2 37. Rxd2 b4 38. Re2 Ra3 39. Qxb4 Rxa2 40. Qc3+ Kg8 41. Rxa2 Rxa2 42. Qc8+ Kg7 43. Qc3+ Qf6 44. Qxf6+ Kxf6 45. Kh2 Ra1 46. Bg4 Ke5 47. Bc8 f6 48. Bf5 Kd4 49. Be6 Ke3 50. g3 Kxf3 51. gxf4 Kxf4 52. Bf5 Re1 0-1

[Event "OP-2012-0-02546"]
[Site "LSS email"]
[Date "2012.12.18"]
[Round "?"]
[White "Brizzi, Eduardo"]
[Black "Zonneveld, Will"]
[Result "1/2-1/2"]
[WhiteElo "1338"]
[BlackElo "1761"]
[PlyCount "90"]
[EventDate "2012.12.14"]
[EventType "tourn (corr)"]
[EventRounds "4"]
[EventCountry "GER"]
[SourceTitle "Telechess CBM 159"]
[Source "ChessBase"]
[SourceDate "2014.03.17"]
[SourceVersion "1"]
[SourceVersionDate "2014.03.17"]
[SourceQuality "1"]

1. e4 e5 2. Nf3 Nc6 3. Bb5 a6 4. Ba4 b5 5. Bb3 Bb7 6. Nc3 Bd6 7. 0-0 Nf6 8. d3 Na5 9. d4 exd4 10. Qxd4 0-0 11. Bg5 Nc6 12. Qe3 Re8 13. Nd5 Nxd5 14. Bxd5 Qc8 15. Rad1 Na5 16. Qd4 Nc6 17. Qc3 h6 18. Bh4 Ne5 19. Bg3 Nxf3+ 20. gxf3 Bxg3 21. fxg3 d6 22. Bxb7 Qxb7 23. Rd5 Re6 24. Rfd1 Rae8 25. Kg2 R6e7 26. h3 Re5 27. g4 Qb6 28. a3 a5 29. R1d4 b4 30. axb4 Rxd5 31. Rxd5 axb4 32. Qd3 Re5 33. h4 Qc6 34. h5 Rxd5 35. exd5 Qe8 36. Qd2 f5 37. Qd3 fxg4 38. fxg4 Qe5 39. Qc4 Qxb2 40. Qxc7 Qd4 41. Qc8+ Kh7 42. Qf5+ Kg8 43. Qe6+ Kh7 44. Qg6+ Kg8 45. Qf5 Qd2+ 1/2-1/2

[Event "OP-2012-0-02544"]
[Site "LSS email"]
[Date "2012.12.17"]
[Round "?"]
[White "Brizzi, Eduardo"]
[Black "Vontina, Maria"]
[Result "1-0"]
[WhiteElo "1338"]
[BlackElo "621"]
[PlyCount "35"]
[EventDate "2012.12.13"]
[EventType "tourn (corr)"]
[EventRounds "4"]
[EventCountry "GER"]
[SourceTitle "Corr 2015"]
[Source "ChessBase"]
[SourceDate "2015.07.17"]
[SourceVersion "1"]
[SourceVersionDate "2015.07.17"]
[SourceQuality "1"]

1. e4 e6 2. d4 d5 3. Nc3 Bb4 4. e5 c5 5. a3 Bxc3+ 6. bxc3 Nc6 7. Qg4 Nge7 8. Qxg7 Rg8 9. Qxh7 cxd4 10. Nf3 dxc3 11. Bg5 Rf8 12. Bd3 Qc7 13. Bf6 Nf5 14. Bxf5 exf5 15. Bg7 f6 16. exf6 Qf7 17. Ng5 Qg8 18. Qxg8 1-0

[Event "OP-2012-0-02546"]
[Site "LSS email"]
[Date "2012.12.17"]
[Round "?"]
[White "Kratky, Josef"]
[Black "Brizzi, Eduardo"]
[Result "0-1"]
[WhiteElo "1148"]
[BlackElo "1338"]
[PlyCount "38"]
[EventDate "2012.12.14"]
[EventType "tourn (corr)"]
[EventRounds "4"]
[EventCountry "GER"]
[SourceTitle "Corr 2015"]
[Source "ChessBase"]
[SourceDate "2015.07.17"]
[SourceVersion "1"]
[SourceVersionDate "2015.07.17"]
[SourceQuality "1"]

1. g3 e5 2. Bg2 Nf6 3. c4 d5 4. cxd5 Nxd5 5. Qb3 Nb6 6. Nc3 Bd6 7. d3 0-0 8. Be3 Be6 9. Qc2 Qc8 10. Rc1 f5 11. Nb5 Nc6 12. Bxc6 bxc6 13. Nf3 cxb5 14. 0-0 f4 15. Bxb6 axb6 16. a3 Bd5 17. Nd2 Bc5 18. b4 Qh3 19. Ne4 Bd4 0-1

[Event "OP-2012-0-02544"]
[Site "LSS email"]
[Date "2012.12.16"]
[Round "?"]
[White "Brizzi, Eduardo"]
[Black "Cole, Steve"]
[Result "1-0"]
[WhiteElo "1338"]
[BlackElo "1211"]
[PlyCount "69"]
[EventDate "2012.12.13"]
[EventType "tourn (corr)"]
[EventRounds "4"]
[EventCountry "GER"]
[SourceTitle "Telechess CBM 159"]
[Source "ChessBase"]
[SourceDate "2014.03.17"]
[SourceVersion "1"]
[SourceVersionDate "2014.03.17"]
[SourceQuality "1"]

1. d4 Nf6 2. c4 e6 3. Nf3 b6 4. g3 Bb7 5. Bg2 Be7 6. 0-0 0-0 7. Nc3 d5 8. Ne5 Nbd7 9. Bf4 c5 10. Rc1 Rc8 11. cxd5 Bxd5 12. Nxd5 Nxd5 13. Nxd7 Qxd7 14. dxc5 Rfd8 15. Bxd5 exd5 16. cxb6 axb6 17. Qd3 Bf6 18. Rxc8 Qxc8 19. b3 d4 20. Rc1 Qa8 21. a4 g6 22. Qb5 Qa5 23. Qc6 Bg7 24. Qc7 Re8 25. Qd7 Rf8 26. Bd6 Qd5 27. Qc6 Qxc6 28. Rxc6 Re8 29. Rxb6 h5 30. Kf1 Rc8 31. a5 Rc1+ 32. Kg2 Ra1 33. b4 Ra2 34. a6 Rxe2 35. a7 1-0